Microwave devices, circuits and subsystems for communications engineering (EBOOK) (Record no. 217052)
[ view plain ]
| 000 -LEADER | |
|---|---|
| fixed length control field | 00995 a2200241 4500 |
| 003 - CONTROL NUMBER IDENTIFIER | |
| control field | Nust |
| 005 - DATE AND TIME OF LATEST TRANSACTION | |
| control field | 20170207171532.0 |
| 010 ## - LIBRARY OF CONGRESS CONTROL NUMBER | |
| LC control number | 2005298256 |
| 020 ## - INTERNATIONAL STANDARD BOOK NUMBER | |
| International Standard Book Number | 047189964X |
| 035 ## - SYSTEM CONTROL NUMBER | |
| System control number | (OCoLC)ocm59135306 |
| 040 ## - CATALOGING SOURCE | |
| Transcribing agency | Nust |
| 082 04 - DEWEY DECIMAL CLASSIFICATION NUMBER | |
| Classification number | 621.3813 |
| 245 00 - TITLE STATEMENT | |
| Title | Microwave devices, circuits and subsystems for communications engineering (EBOOK) |
| Statement of responsibility, etc. | edited by I.A. Glover, S.R. Pennock and P.R. Shepherd. |
| 260 ## - PUBLICATION, DISTRIBUTION, ETC. | |
| Place of publication, distribution, etc. | Chichester, England ; |
| -- | Hoboken, NJ : |
| Name of publisher, distributor, etc. | John Wiley & Sons, Ltd, |
| Date of publication, distribution, etc. | c2005. |
| 300 ## - PHYSICAL DESCRIPTION | |
| Extent | xviii, 531 p. : |
| Other physical details | ill. ; |
| Dimensions | 26 cm. |
| 650 #0 - SUBJECT ADDED ENTRY--TOPICAL TERM | |
| Topical term or geographic name entry element | Microwave communication systems. |
| 700 1# - ADDED ENTRY--PERSONAL NAME | |
| Personal name | Glover, Ian, |
| Dates associated with a name | 1959- |
| 700 1# - ADDED ENTRY--PERSONAL NAME | |
| Personal name | Pennock, S. R. |
| 700 1# - ADDED ENTRY--PERSONAL NAME | |
| Personal name | Shepherd, Peter |
| 856 42 - ELECTRONIC LOCATION AND ACCESS | |
| Materials specified | Contributor biographical information |
| Uniform Resource Identifier | <a href="http://www.loc.gov/catdir/enhancements/fy0627/2005298256-b.html">http://www.loc.gov/catdir/enhancements/fy0627/2005298256-b.html</a> |
| 856 42 - ELECTRONIC LOCATION AND ACCESS | |
| Materials specified | Publisher description |
| Uniform Resource Identifier | <a href="http://www.loc.gov/catdir/enhancements/fy0627/2005298256-d.html">http://www.loc.gov/catdir/enhancements/fy0627/2005298256-d.html</a> |
| 856 42 - ELECTRONIC LOCATION AND ACCESS | |
| Materials specified | Table of contents only |
| Uniform Resource Identifier | <a href="http://www.loc.gov/catdir/enhancements/fy0627/2005298256-t.html">http://www.loc.gov/catdir/enhancements/fy0627/2005298256-t.html</a> |
| 942 ## - ADDED ENTRY ELEMENTS (KOHA) | |
| Source of classification or shelving scheme | |
| Koha item type | Book |
| Withdrawn status | Lost status | Source of classification or shelving scheme | Damaged status | Not for loan | Collection code | Permanent Location | Current Location | Date acquired | Total Checkouts | Full call number | Barcode | Date last seen | Price effective from | Koha item type |
|---|---|---|---|---|---|---|---|---|---|---|---|---|---|---|
| Military College of Signals (MCS) | Military College of Signals (MCS) | 12/12/2016 | 621.3813 MIC | MCSEB-3380 | 12/08/2016 | 12/12/2016 | Book |
